Loading...
| Literature - European Literature | 0 | 5 | 0 | 1 | 50 | 91 | 116.00 | 0 | 4 |
| Literature - World Literature | 0 | 3 | 0 | 1 | 30 | 141 | 147.00 | 0 | 1 |
| Science - Other Science | 0 | 2 | 0 | 1 | 20 | 116 | 124.00 | 0 | 2 |
| Literature - American Literature | 0 | 2 | 0 | 1 | 20 | 132 | 143.00 | 0 | 0 |
| Literature - British Literature | 0 | 2 | 0 | 0 | 20 | 94 | 111.50 | 0 | 2 |
| Philosophy | 0 | 2 | 0 | 1 | 20 | 98 | 103.00 | 0 | 1 |
| History - Other History | 0 | 1 | 0 | 1 | 10 | 137 | 137.00 | 0 | 1 |
| History - Ancient History | 0 | 1 | 0 | 1 | 10 | 131 | 131.00 | 1 | 1 |
| History - World History | 0 | 1 | 0 | 1 | 10 | 110 | 110.00 | 0 | 0 |
| History - American History | 0 | 1 | 0 | 1 | 10 | 107 | 107.00 | 0 | 1 |
| Science - Chemistry | 0 | 1 | 0 | 0 | 10 | 101 | 101.00 | 0 | 1 |